| 000 | 00766cab a2200313 4500 | ||
|---|---|---|---|
| 001 | ABS60460 | ||
| 008 | 090401t1999 xxu||||| |||| 00| 0 eng d | ||
| 035 | _a(Sirsi) u93269 | ||
| 041 | _aeng | ||
| 245 | _aSheds | ||
| 260 | _c1999 | ||
| 350 | _a0 | ||
| 490 |
_aProperty Week _v64 (18) May 1999, supplement 3-47(23) |
||
| 650 | _aB8 | ||
| 650 | _aCONTRACTORS | ||
| 650 | _aDISTRIBUTION PROPERTY | ||
| 650 | _aE-COMMERCE | ||
| 650 | _aINDUSTRIAL PROPERTY | ||
| 650 | _aINVESTMENT | ||
| 650 | _aRAIL FREIGHT | ||
| 650 | _aRATING REVALUATION | ||
| 650 | _aRENTS | ||
| 650 | _aSERVICES | ||
| 650 | _aTRANSPORT | ||
| 650 | _aWAREHOUSES | ||
| 690 | _aPROPERTY-COMMERCIAL PROPERTY-COMMERCIAL PROPERTY MARKET | ||
| 942 | _n0 | ||
| 948 | _c11/05/1999 | ||
| 999 |
_c59120 _d59120 |
||